00000000nam##2200000za#4500
0019.647630
003CaOODSP
00520200401064121
007ta
008150407|2000||||xxc|||||     f|0| 0 eng|d
020 |a0-662-28566-2
040 |aCaOODSP|beng
043 |an-cn---
0861 |aR62-323/2000-2E
1101 |aCanada.|bCanadian Heritage. |bParks Canada.
24510|aUnimpaired for future generations? : |bConserving ecological integrity with Canada's national parks. Volume II: setting a new direction for Canada's national parks / |cIssued by the Panel on the Ecological Integrity of Canada's National Parks.
260 |aOttawa - Ontario : |bCanadian Heritage. |c2000.
300 |a1 v. in various pagings. : |bcoloured illus., figs., maps ; |c28 cm.
563 |aSoftcover
590 |a00-20|b2000-05-19
69007|aNational parks|2gcpds
69007|aEnvironmental policy|2gcpds
69007|aEcology|2gcpds
7760#|tUnimpaired for future generations? : |w(CaOODSP)9.661889
7760#|tIntacts pour les générations futures? : |w(CaOODSP)9.661890